[Event "Kuwait Hala op"]
[Site "Kuwait"]
[Date "2016.02.19"]
[Round "5"]
[White "Al Duwish, Ahmed"]
[Black "Alhasan, Hasan"]
[Result "1-0"]
[WhiteElo "1711"]
[BlackElo "1676"]
[PlyCount "61"]
[EventDate "2016.02.17"]
[EventType "swiss"]
[EventRounds "7"]
[EventCountry "KUW"]
[SourceTitle "EXT 2018"]
[Source "ChessBase"]
[SourceDate "2017.10.13"]
[SourceVersion "1"]
[SourceVersionDate "2017.10.13"]
[SourceQuality "1"]

1. e4 c5 2. Nc3 d6 3. f4 Nf6 4. Nf3 e6 5. Bb5+ Bd7 6. Bxd7+ Nbxd7 7. d3 Qb6 8. h3 0-0-0 9. 0-0 Be7 10. Be3 Qc6 11. a4 Ne8 12. b4 a6 13. b5 axb5 14. axb5 Qb6 15. Qe2 Qc7 16. d4 cxd4 17. Bxd4 Bf6 18. e5 dxe5 19. fxe5 Be7 20. Ra8+ Nb8 21. Ne4 b6 22. Rfa1 Rxd4 23. Nxd4 Bc5 24. Nxc5 Qxc5 25. Qe4 Nc7 26. R8a7 Nd5 27. Kh2 g6 28. Ra8 Nc3 29. Rxb8+ Kxb8 30. Qa8+ Kc7 31. Ra7# 1-0

[Event "Kuwait Hala op"]
[Site "Kuwait"]
[Date "2016.02.19"]
[Round "6"]
[White "Hussain, Hashem"]
[Black "Alhasan, Hasan"]
[Result "1-0"]
[WhiteElo "1751"]
[BlackElo "1676"]
[PlyCount "79"]
[EventDate "2016.02.17"]
[EventType "swiss"]
[EventRounds "7"]
[EventCountry "KUW"]
[SourceTitle "EXT 2018"]
[Source "ChessBase"]
[SourceDate "2017.10.13"]
[SourceVersion "1"]
[SourceVersionDate "2017.10.13"]
[SourceQuality "1"]

1. e4 c5 2. Nf3 d6 3. c3 Nf6 4. Be2 Nbd7 5. d3 e6 6. 0-0 Be7 7. h3 0-0 8. Be3 a6 9. Nbd2 b5 10. d4 Bb7 11. Bd3 d5 12. e5 Ne4 13. Qc2 f5 14. exf6 Ndxf6 15. dxc5 Qc7 16. Nd4 Qd7 17. b4 e5 18. N4f3 Qf5 19. Ng5 Nd7 20. Ngxe4 dxe4 21. Nxe4 Qe6 22. Ng5 Bxg5 23. Bxg5 e4 24. Be2 Rf3 25. Bxf3 exf3 26. Rfe1 Ne5 27. g4 h5 28. Qf5 Qxf5 29. gxf5 Nf7 30. h4 Bc6 31. Re7 Rc8 32. f6 g6 33. Be3 Kf8 34. Kh2 Re8 35. Rc7 Ne5 36. Bd4 Ng4+ 37. Kg3 Re6 38. Rd1 Nxf6 39. Bxf6 Rxf6 40. Rd6 1-0

[Event "KUW-ch"]
[Site "Kuwait"]
[Date "2015.12.14"]
[Round "10"]
[White "Alhasan, Hasan"]
[Black "Hussain, Hashem"]
[Result "0-1"]
[WhiteElo "1719"]
[BlackElo "1772"]
[PlyCount "108"]
[EventDate "2015.12.02"]
[EventType "tourn"]
[EventRounds "11"]
[EventCountry "KUW"]
[SourceTitle "CBM 169 Extra"]
[Source "ChessBase"]
[SourceDate "2015.12.18"]
[SourceVersion "1"]
[SourceVersionDate "2015.12.18"]
[SourceQuality "1"]

1. d4 e6 2. Nf3 b6 3. e3 Bb7 4. Bd3 Nf6 5. Nbd2 c5 6. b3 Nc6 7. a3 cxd4 8. exd4 Be7 9. Bb2 0-0 10. 0-0 d5 11. Qe2 Bd6 12. Ne5 Qc7 13. Ndf3 Rae8 14. Bb5 Nd7 15. Rfe1 f6 16. Nxd7 Qxd7 17. Qd3 Qf7 18. Re2 Kh8 19. Rae1 Re7 20. b4 Nd8 21. c4 Qh5 22. c5 Bc7 23. g3 g5 24. a4 Qf7 25. Bc1 h5 26. Bd2 Rg8 27. Kf1 h4 28. g4 Rg7 29. h3 Qf8 30. a5 Bc8 31. cxb6 axb6 32. a6 Bb8 33. Ra1 Nf7 34. Bc6 Nd6 35. b5 Qf7 36. Bb4 Ra7 37. Bxd6 Bxd6 38. Qc3 Qf8 39. Qd3 Rge7 40. Qg6 Qg7 41. Qxg7+ Kxg7 42. Rc2 Rec7 43. Ke2 Kf7 44. Kd3 Ke7 45. Nd2 Kd8 46. Nb3 Ke7 47. Nc5 Rxc6 48. bxc6 bxc5 49. dxc5 Bxa6+ 50. Ke3 Bf4+ 51. Kf3 Be2+ 52. Kxe2 Rxa1 53. Rb2 Ra7 54. f3 Kd8 0-1

[Event "KUW-ch"]
[Site "Kuwait"]
[Date "2015.12.06"]
[Round "4"]
[White "Al Hajiri, Bader"]
[Black "Alhasan, Hasan"]
[Result "1-0"]
[WhiteElo "2183"]
[BlackElo "1719"]
[PlyCount "41"]
[EventDate "2015.12.02"]
[EventType "tourn"]
[EventRounds "11"]
[EventCountry "KUW"]
[SourceTitle "CBM 169 Extra"]
[Source "ChessBase"]
[SourceDate "2015.12.18"]
[SourceVersion "1"]
[SourceVersionDate "2015.12.18"]
[SourceQuality "1"]

1. e4 c5 2. Nf3 d6 3. d4 cxd4 4. Nxd4 Nf6 5. Nc3 e6 6. g4 Be7 7. g5 Nfd7 8. Rg1 Nc6 9. Be3 Nxd4 10. Qxd4 Ne5 11. Be2 0-0 12. 0-0-0 a6 13. h4 b5 14. h5 Bb7 15. h6 f6 16. gxf6 Bxf6 17. Qxd6 Re8 18. f4 Ng6 19. e5 Qxd6 20. Rxd6 Rad8 21. Rb6 1-0